[Event "Mittelfranken-chTB2b 1718"]
[Site "Mittelfranken"]
[Date "2017.11.19"]
[Round "3.8"]
[White "Gstaltmeyr, Karl"]
[Black "Bayer, Alexander"]
[Result "1-0"]
[WhiteElo "1700"]
[BlackElo "1128"]
[PlyCount "111"]
[EventDate "2017.10.08"]
[EventType "team-tourn"]
[EventRounds "9"]
[EventCountry "GER"]
[SourceTitle "EXT 2022"]
[Source "ChessBase"]
[SourceDate "2021.10.06"]
[SourceVersion "1"]
[SourceVersionDate "2021.10.06"]
[SourceQuality "1"]
[WhiteTeam "Schwanstetten"]
[BlackTeam "Schnaittach"]
[WhiteTeamCountry "GER"]
[BlackTeamCountry "GER"]

1. d4 d5 2. e3 Nf6 3. Bd3 Bg4 4. Nf3 e6 5. Nbd2 Nbd7 6. c3 c6 7. Qc2 g6 8. Ne5 Bf5 9. e4 Nxe4 10. Nxe4 dxe4 11. Bxe4 Bg7 12. Bf4 Nxe5 13. Bxf5 exf5 14. Qe2 Qd5 15. 0-0 0-0 16. dxe5 Rae8 17. Rfe1 Re6 18. Rad1 Qe4 19. Qxe4 fxe4 20. Rxe4 Rfe8 21. Rde1 f6 22. Bg3 fxe5 23. f4 Kf7 24. fxe5 Ke7 25. Rd4 g5 26. Red1 Bxe5 27. Rd7+ Kf6 28. Bf2 R8e7 29. Bxa7 Rxd7 30. Rxd7 Rd6 31. Rxd6+ Bxd6 32. Be3 c5 33. h3 b6 34. Kf2 Ke5 35. Bxg5 Ke4 36. Ke2 b5 37. b3 Be5 38. Bd2 h5 39. a4 c4 40. a5 cxb3 41. Bc1 Bxc3 42. a6 Bd4 43. Bb2 Ba7 44. g4 hxg4 45. hxg4 Kf4 46. Kd3 Kxg4 47. Kc3 Kf5 48. Kxb3 Bc5 49. Ba3 Ba7 50. Kb4 Ke6 51. Kxb5 Kd7 52. Bc1 Kc7 53. Bf4+ Kc8 54. Kc6 Bb8 55. Be3 Kd8 56. Kb7 1-0

[Event "FICGS class E 000069 email"]
[Site "FICGS email"]
[Date "2007.12.02"]
[Round "1"]
[White "Cao, Mark"]
[Black "Bayer, Alexander"]
[Result "0-1"]
[WhiteElo "1500"]
[BlackElo "1571"]
[PlyCount "36"]
[EventDate "2007.??.??"]
[EventType "tourn (corr)"]
[EventRounds "5"]
[SourceTitle "Corr 2022"]
[Source "ChessBase"]
[SourceDate "2021.10.24"]
[SourceVersion "1"]
[SourceVersionDate "2021.10.24"]
[SourceQuality "1"]

1. c4 Nf6 2. d3 g6 3. Nf3 Bg7 4. g3 d5 5. Bg2 Nc6 6. 0-0 dxc4 7. dxc4 Qxd1 8. Rxd1 Be6 9. b3 Nd7 10. Be3 Bxa1 11. Nbd2 Bb2 12. Ng5 Bf5 13. Ndf3 h6 14. Nxf7 Kxf7 15. Nh4 Nf6 16. Nxf5 gxf5 17. Bd5+ Nxd5 18. cxd5 Nb4 0-1

[Event "FICGS class D 000057 email"]
[Site "FICGS email"]
[Date "2007.09.01"]
[Round "1"]
[White "Bayer, Alexander"]
[Black "Lemekhov, Yura"]
[Result "0-1"]
[WhiteElo "1611"]
[BlackElo "1700"]
[PlyCount "158"]
[EventDate "2007.??.??"]
[EventType "tourn (corr)"]
[EventRounds "6"]
[SourceTitle "Corr 2022"]
[Source "ChessBase"]
[SourceDate "2021.10.24"]
[SourceVersion "1"]
[SourceVersionDate "2021.10.24"]
[SourceQuality "1"]

1. d4 Nf6 2. c4 e6 3. Nf3 b6 4. g3 Ba6 5. b3 Bb4+ 6. Bd2 Be7 7. Bg2 c6 8. Bc3 d5 9. Ne5 Nfd7 10. Nxd7 Nxd7 11. Nd2 0-0 12. 0-0 f5 13. Rc1 Rc8 14. Bb2 b5 15. c5 Qc7 16. Nf3 Bf6 17. Bc3 Rce8 18. Qd2 Bb7 19. a3 e5 20. dxe5 Nxe5 21. Nd4 g6 22. e3 h5 23. h4 Ng4 24. Rfe1 Rf7 25. b4 Be5 26. Nf3 Bxc3 27. Qxc3 Nf6 28. Nd4 Ne4 29. Qc2 a6 30. a4 Qe7 31. Bf3 Qf6 32. Kg2 f4 33. gxf4 Qxh4 34. Rh1 Qf6 35. Rh2 Bc8 36. Rg1 Kf8 37. Kh1 Rfe7 38. Qd1 Bd7 39. a5 Bf5 40. Qc1 Nxf2+ 41. Rxf2 Rxe3 42. Nxf5 Qxf5 43. Rgf1 Rb3 44. Bg2 Ree3 45. Rb2 Rbc3 46. Qd1 h4 47. Rbf2 Rb3 48. Qd2 Rbd3 49. Qb2 Kg8 50. Kh2 Kh7 51. Rb1 h3 52. Bh1 Qg4 53. Rg1 Qh4 54. Rg5 Re6 55. Qc2 Rde3 56. Bf3 Qxf4+ 57. Rg3 R6e4 58. Kxh3 Re1 59. Kg2 Rg1+ 60. Kxg1 Qxg3+ 61. Bg2 Rxb4 62. Rf7+ Kg8 63. Re7 Rh4 64. Kf1 Kf8 65. Re2 Rd4 66. Qc1 Kf7 67. Rf2+ Kg7 68. Rf3 Qe5 69. Qa1 Re4 70. Qxe5+ Rxe5 71. Rd3 Kf6 72. Kf2 Rf5+ 73. Ke2 Ke5 74. Bh3 Rg5 75. Bc8 Ke4 76. Rd2 d4 77. Bxa6 Rh5 78. Kd1 d3 79. Rg2 Ke3 0-1

[Event "FICGS class D 000057 email"]
[Site "FICGS email"]
[Date "2007.09.01"]
[Round "1"]
[White "Piek, Johann"]
[Black "Bayer, Alexander"]
[Result "0-1"]
[WhiteElo "1400"]
[BlackElo "1611"]
[PlyCount "64"]
[EventDate "2007.??.??"]
[EventType "tourn (corr)"]
[EventRounds "6"]
[SourceTitle "Corr 2022"]
[Source "ChessBase"]
[SourceDate "2021.10.24"]
[SourceVersion "1"]
[SourceVersionDate "2021.10.24"]
[SourceQuality "1"]

1. e4 c5 2. f4 Nc6 3. Nf3 g6 4. Bc4 Nf6 5. Ne5 e6 6. Nxc6 bxc6 7. e5 Nd5 8. d3 Bg7 9. 0-0 0-0 10. Qe2 f6 11. Nd2 Rb8 12. exf6 Nxf6 13. Bb3 Nd5 14. Ne4 a5 15. c3 d6 16. g3 Qe7 17. Re1 h6 18. Rb1 a4 19. Bc2 a3 20. Bb3 Nc7 21. Be3 axb2 22. Rxb2 Ra8 23. Qd2 Ba6 24. d4 c4 25. Bc2 Nd5 26. Bf2 Rfb8 27. Reb1 Rxb2 28. Rxb2 Bb5 29. Qd1 Bf8 30. a4 Ba6 31. Qg4 Qf7 32. h3 Be7 0-1

[Event "FICGS class E 000026 email"]
[Site "FICGS email"]
[Date "2006.12.21"]
[Round "1"]
[White "Bayer, Alexander"]
[Black "Miranda, Marcus"]
[Result "1-0"]
[WhiteElo "1300"]
[BlackElo "1400"]
[PlyCount "57"]
[EventDate "2006.??.??"]
[EventType "tourn (corr)"]
[EventRounds "5"]
[SourceTitle "Corr 2022"]
[Source "ChessBase"]
[SourceDate "2021.10.24"]
[SourceVersion "1"]
[SourceVersionDate "2021.10.24"]
[SourceQuality "1"]

1. e4 e5 2. f4 exf4 3. Nf3 Be7 4. Bc4 Bh4+ 5. Kf1 d5 6. exd5 Bg4 7. d4 Qf6 8. Qd3 Bxf3 9. Qxf3 Qe7 10. Be2 c6 11. Nc3 Qb4 12. Qxf4 Be7 13. dxc6 bxc6 14. Nb5 cxb5 15. Qe4 Nf6 16. Qxa8 0-0 17. c3 Qa5 18. Qb7 Nbd7 19. Qxb5 Qc7 20. g3 Rb8 21. Qd3 h6 22. Kg2 h5 23. Qc4 Qd8 24. Rf1 h4 25. gxh4 Bd6 26. h5 Qe7 27. Qd3 Ne4 28. Qf3 Ndf6 29. Bd3 1-0

[Event "FICGS class E 000022 email"]
[Site "FICGS email"]
[Date "2006.11.25"]
[Round "1"]
[White "Chometa, Jim"]
[Black "Bayer, Alexander"]
[Result "0-1"]
[WhiteElo "1350"]
[BlackElo "1300"]
[PlyCount "38"]
[EventDate "2006.??.??"]
[EventType "tourn (corr)"]
[EventRounds "5"]
[SourceTitle "Corr 2022"]
[Source "ChessBase"]
[SourceDate "2021.10.24"]
[SourceVersion "1"]
[SourceVersionDate "2021.10.24"]
[SourceQuality "1"]

1. e4 e5 2. Nf3 Nc6 3. d4 exd4 4. Nxd4 Nf6 5. Nxc6 bxc6 6. e5 Qe7 7. Qe2 Nd5 8. c4 Nb6 9. Nc3 Ba6 10. b3 0-0-0 11. Bb2 Re8 12. f4 f6 13. 0-0-0 fxe5 14. fxe5 Qxe5 15. Qg4 h5 16. Qf3 Bd6 17. h4 Rhf8 18. Qh3 Qf4+ 19. Kb1 Re3 0-1

[Event "FICGS class F 000018 email"]
[Site "FICGS email"]
[Date "2006.11.22"]
[Round "1"]
[White "Abs da Cruz, Andre"]
[Black "Bayer, Alexander"]
[Result "0-1"]
[WhiteElo "1400"]
[BlackElo "1300"]
[PlyCount "42"]
[EventDate "2006.??.??"]
[EventType "tourn (corr)"]
[EventRounds "5"]
[SourceTitle "Corr 2022"]
[Source "ChessBase"]
[SourceDate "2021.10.24"]
[SourceVersion "1"]
[SourceVersionDate "2021.10.24"]
[SourceQuality "1"]

1. d4 Nf6 2. c4 e6 3. Nc3 Bb4 4. Qc2 d5 5. cxd5 exd5 6. Bg5 0-0 7. Nf3 h6 8. Bxf6 Qxf6 9. e3 Nc6 10. Bb5 a6 11. Bxc6 bxc6 12. 0-0 Bf5 13. e4 dxe4 14. Nxe4 Qg6 15. a3 Bxe4 16. Qe2 Bd3 17. Ne5 Bxe2 18. Nxg6 fxg6 19. axb4 Bxf1 20. Kxf1 Rfd8 21. Rd1 Rab8 0-1